| 000 | 00477cam a2200193ua 4500 | ||
|---|---|---|---|
| 001 | 1275 | ||
| 005 | 20260515113316.0 | ||
| 008 | 110627n ii |||gr||||Z||||||eng | ||
| 040 | _cMAIN | ||
| 082 | _a333.7 | ||
| 245 | 1 |
_aPoribesh arthanity. _cBy Debajit Phukan |
|
| 250 | _a1st. | ||
| 260 |
_aJorhat.: _bSaikia press., _c2010. |
||
| 300 |
_a260 p.: _c20 cm. |
||
| 653 | _aEnviornmental science. | ||
| 653 | _aPoribesh Arthanity. | ||
| 700 | _aPhukan, Debajit., | ||
| 942 | _cBK | ||
| 999 |
_c1176 _d1176 |
||